El vinculo : los rembrandts :
Guardado en:
| Autor Principal: | |
|---|---|
| Formato: | Libro |
| Publicado: |
Buenos Aires :
Emece,
1946
|
| Materias: | |
| Etiquetas: |
Agregar Etiqueta
Sin Etiquetas, Sea el primero en etiquetar este registro!
|
| LEADER | 00542nam a22001815a 4500 | ||
|---|---|---|---|
| 001 | EHU.bham024358 | ||
| 003 | AR-BHAM | ||
| 005 | 20130507143056.0 | ||
| 008 | 130507s1946##################000#0#####d | ||
| 082 | A | 8 | |a 863.4 |
| 100 | 1 | |a Mallea, Eduardo | |
| 245 | 1 | 0 | |a El vinculo : |b los rembrandts : |c Eduardo Mallea |
| 260 | |a Buenos Aires : |b Emece, |c 1946 | ||
| 300 | |a 221 p. | ||
| 653 | |a Donacion lejarraga | ||
| 653 | |a Literatura argentina-1911- | ||
| 653 | |a Novela argentina-1911- | ||
| 859 | |a AR-BHAM |b BIB. HUMANIDADES - General |h A863.4 |i M296-8 |k A |p 120.02 |t Ej.1 | ||
